000
00290nam a2200109Ia 4500
008
200302s9999 xx 000 0 und d
100
_a
Angelika Taschen and Deidi von schaewen
245
_a
Icons Indian style
260
_b
Taschen Bibliotheca Universalis
260
_c
2001
300
_a
191 P.,
999
_c
4068
_d
4068